[Event "RUS-ch qual 57th"]
[Site "Tomsk"]
[Date "2004.05.31"]
[Round "9"]
[White "Motylev, Alexander"]
[Black "Rustemov, Alexander"]
[Result "1-0"]
[WhiteElo "2649"]
[BlackElo "2593"]
[Annotator "Psakhis,L"]
[PlyCount "101"]
[EventDate "2004.05.23"]
[EventType "swiss"]
[EventRounds "9"]
[EventCountry "RUS"]
[SourceTitle "CBM 102"]
[Source "ChessBase"]
[SourceDate "2004.09.23"]
[SourceVersion "1"]
[SourceVersionDate "2004.09.23"]
[SourceQuality "1"]

1. e4 e6 2. d4 d5 3. e5 Bd7 {[%cal Ga7a6,Gd7b5] Rare, but interesting move,
Black dreams to exchange bishops on the square b5} (3... c5 $5) (3... b6 $5) 4.
c3 (4. Nf3 a6 5. c4 $5 (5. Bg5 Be7 6. Bxe7 Qxe7 7. c3 Bb5 8. Qb3 Bxf1 9. Kxf1
Ra7 10. Nbd2 Nh6 11. g3 O-O 12. Kg2 Nd7 $13 {1-0 Chernuschevich,A-Bauer,C/FRA
Cup Clichy 2004/(50)}) 5... Ne7 6. Nc3 dxc4 7. Bxc4 Bc6 8. O-O Nd5 9. Ng5 Be7
10. Qh5 Bxg5 11. Bxg5 Qd7 12. Rac1 Nxc3 13. Rxc3 Be4 14. Qe2 $36 {1-0 Erturan,
Y-Esen,B/EUR-ch Antalya 2004/ (32)}) 4... a6 5. Nd2 $146 (5. Bd3 Bb5 6. Bc2 c5
7. f4 Nh6 8. Nf3 a5 9. h3 Nc6 10. Kf2 Nf5 11. Bxf5 exf5 12. Be3 cxd4 13. Nxd4
Nxd4 14. Qxd4 Rc8 $11 {1-0 Florescu,C-Ionescu,C/Bucharest Rozelor Cupa 1999 
(36)}) (5. Be3 Bb5 6. Ne2 c5 7. a4 Bxe2 8. Bxe2 cxd4 9. cxd4 Nc6 10. O-O Qb6
11. Qd2 Na5 12. Ra2 Bb4 13. Nc3 Ne7 $13 {0-1 Garcia Castro,P-Perez Lopez,J/
ESP-ch Universitario 2002 (47)}) 5... Bb5 6. Bxb5+ axb5 {Black compleated his
plan, but I am not sure that he got already equal chances.} 7. Ne2 {[%cal
Ge2f4,Gf4h5] This Knight would like to occupy h5-square} Nd7 8. O-O h5 {
Black's main problem in this kind of positions - is lack of space.} (8... b4 9.
cxb4 Bxb4 10. Qb3 c5 11. Qg3 $14) 9. Nf4 g6 10. Nf3 Nb6 {Black has a very
solid position, but it's very difficult for him to get active counterplay.} (
10... Be7 $5 {[%cal Gg6g5]}) 11. h4 {White immediately takes this opportunity
to grab space on the kingside} Nh6 12. Nd3 Nf5 13. g3 ({Worth considering} 13.
Bg5 $5 {and White would like to exploit the weak dark sqares in his opponent's
camp}) 13... Be7 14. Bg5 {White exchanges dark-square Bishops, after which his
Knight will get very good forposts on f4 and g5.} Ra7 {[%csl Rb7]} (14... Bxg5
15. Nxg5 O-O 16. Qe2 $14 {[%csl Rg8]}) 15. Qc1 Kf8 16. Kg2 Kg7 {Black
desperately tries to cover the dark squares.} 17. Rh1 Nc4 18. Qf4 {[%csl Gd3]
White has got the advantage thanks to the strong center he succeeded to build
and to vulnerable position of black monarch.} Ra8 19. a3 b6 {[%cal Gc7c5]} 20.
Rae1 Rc8 (20... c5 $5) 21. g4 {[%mdl 128] White had many quiet moves at his
disposal but he decided the time has come to change the course of events.} hxg4
({Very dubious} 21... Nh6 $6 22. gxh5 ({also strong is} 22. Bf6+ Bxf6 23. exf6+
Kf8 24. g5 $16) 22... gxh5 23. Reg1 $16) 22. Qxg4 Kf8 {[%cal Gf8e8,Ge8d7]} (
22... Bxg5 23. Nxg5 Nh6 24. Qf4 Nf5 $13) 23. b3 {Interesting pawn sacrifice.
White tries to put the c4 knight offside and is ready to pay small price it.} (
23. h5 gxh5 24. Rxh5 Rg8 {[%cal Gg8g2]}) 23... Na5 ({In case of} 23... Nxa3 {
[%csl Ra3] it's very difficult to find a way back home for the a3 knight 
(thought it's difficult for White to win it, but White has another aim - the
king on g7).}) 24. Nf4 Rg8 (24... Ke8 $5 25. h5 gxh5 26. Rxh5 Rg8 $132) 25. Bf6
$1 {A very annoying move in such a position. Black's king is in great danger
and the very next move could be fatal for him.} Nxb3 (25... Bxf6 26. exf6 Qxf6
27. Ng5 {with unpleasant threats Nh7+ and Nxe6+.}) (25... Ke8 $5) 26. Ng5 {
[%csl Gf4,Gf6,Gg4,Gg5]} Ke8 $8 27. h5 (27. Nh7 $5 {[%csl Gf6]}) 27... gxh5 (
27... Bxf6 28. exf6 Kd7 (28... Qxf6 29. Ngxe6 $18) 29. hxg6 Qxf6 30. Rh7 Rg7
31. Rxg7 Qxg7 32. gxf7 $18) 28. Qxh5 Kd7 {King has to run away from the danger.
} 29. Nxd5 $1 {'This nice blow leads to a very unpleasant endgame for Black.'}
(29. Qxf7 Rxg5+ 30. Bxg5 Qg8 31. Qxe6+ Qxe6 32. Nxe6 Kxe6 33. Bxe7 Rg8+ $17)
29... exd5 30. Qxf7 Rxg5+ (30... Kc6 $5 31. Qe6+ Kb7 32. Qxf5 Nd2 {[%cal Gd2e4,
Gd2c4]}) 31. Bxg5 Kc6 $8 ({Now} 31... Qg8 {hasn't any sense due to} 32. Qxf5+)
32. Bxe7 Nxe7 (32... Qg8+ $5) 33. Rh7 Qg8+ 34. Rg7 Qxf7 35. Rxf7 {[%mdl 1024]}
Rg8+ (35... Kd7 $5) 36. Kf3 Ng6 {Formally speaking Black has even a material
advantage, but his pieces have very poor coordination and his b3 Knight stays
offside.} 37. Rh1 {[%cal Gh1h7]} Nd2+ 38. Ke2 Ne4 39. Rhh7 (39. Rh6 $5 Kb7 40.
Rhh7) 39... Rc8 $2 {Rustemov missed last chance:} (39... Nxc3+ $142 40. Kd3 b4
41. axb4 Na2 $1 42. Rxc7+ Kb5 {with small hopes for escape.}) 40. Rh6 Rg8 41.
f3 $18 Nxc3+ 42. Kd3 {[%csl Ge5,Gf3,Gf7,Gh6]} Nb1 {poor knight} 43. Rf6+ Kb7
44. Rhxg6 Re8 45. Rg7 Nxa3 46. Rff7 Rc8 47. e6 Kc6 48. e7 Re8 49. Rf8 Kd7 50.
Rxe8 Kxe8 51. f4 1-0

[Event "Griesheim GM 3rd"]
[Site "Griesheim"]
[Date "2003.02.05"]
[Round "8"]
[White "Galdunts, Sergey"]
[Black "Krivoshey, Sergei"]
[Result "1-0"]
[WhiteElo "2487"]
[BlackElo "2503"]
[Annotator "Psakhis,L"]
[PlyCount "59"]
[EventDate "2003.01.29"]
[EventType "tourn"]
[EventRounds "9"]
[EventCountry "GER"]
[EventCategory "11"]
[SourceTitle "CBM 094"]
[Source "ChessBase"]
[SourceDate "2003.05.26"]
[SourceVersion "1"]
[SourceVersionDate "2003.05.26"]
[SourceQuality "1"]

1. e4 e6 2. d4 d5 3. e5 c5 4. c3 Qb6 5. Nf3 Bd7 6. Be2 Bb5 7. c4 dxc4 $5 {
Risky, but interesting move.As usual Black continue} (7... Bxc4 8. Bxc4 Qb4+ 9.
Nbd2 dxc4 10. a3 Qb5 11. Qe2 cxd4 12. Nxd4 Qd5 13. N4f3 Nd7 14. Nxc4 Rc8 15.
Ne3 Qe4 16. b4 Nh6 17. O-O Be7 18. Rd1 Nb6 19. Rd4 $14 {1-0 Hendriks,W-Lobron,
E/Amsterdam Lost Boys op 2002/ (31)}) 8. d5 (8. Nc3 cxd4 (8... Nc6 9. d5 O-O-O
10. d6 f6 $132) 9. Nxd4 Ba6 10. Be3 Qa5 11. f4 Nh6 12. Qc2 Bc5 13. O-O Nd7 14.
Ne4 O-O $13 {0-1 Yagupov,I-Rustemov,A/Moscow RUS t-ch 1994 (29)}) 8... exd5 9.
Qxd5 Ne7 10. Qe4 Bc6 $6 {This move is not the most accurate. I don't see to
many white's achievments after} (10... Qg6 $142 {for example:} 11. Qxg6 Nxg6
12. Na3 Ba6 13. Bxc4 Bxc4 14. Nxc4 Nc6 15. O-O b5 16. Nd6+ Bxd6 17. exd6 Kd7
$13 {1/2-1/2 Galdunts,S-Grabarczyk,B/Oberliga Ost-B 2000/EXT 2002 (46)}) 11.
Qxc4 Bd5 12. Qa4+ Nbc6 13. Nc3 Be6 14. O-O O-O-O 15. Ne4 $5 $146 {Possible
improvment compare to} (15. Nb5 Nf5 16. Bg5 Rd7 17. Rfd1 a6 18. Na3 Qb4 $5 (
18... Nfd4 19. Nxd4 Nxd4 20. Bf1 h6 21. Be3 Be7 22. Nc4 $36 {1/2-1/2 Savic,
M-Kosic,D/YUG-ch Banja Koviljaca 2002/CBM 89/[Psakhis] (41)}) 19. Qxb4 Nxb4 $13
) 15... Nd5 ({Worth considering} 15... h6 $5 {[%csl Gg5] taking g5 square
under the control}) 16. Bg5 (16. Neg5 $5 $36) 16... Rd7 17. Bb5 h6 18. Bd2 Be7
19. Rac1 $5 {Galdunts has chosen the course of principle, but} (19. Bxc6 Qxc6 (
19... bxc6 20. Rfc1) 20. Qxa7 (20. Qxc6+ bxc6 21. Rfc1 Rb7 22. b3 $14 {[%csl
Rc5,Rc6]}) 20... b6 $14 {doesn't look bad either.}) (19. Rfc1 $5) 19... Rhd8 (
19... Nc7 $5 20. Bxc6 Qxc6 21. Qxc6 bxc6 22. Nxc5 (22. b3 Bd5 23. Rfe1 Ne6 $13)
22... Bxc5 23. Rxc5 Bxa2 24. Ra1 Bd5 25. Rxa7 Rhd8 26. Be3 Nb5 $14) (19... a6
20. Bxc6 Qxc6 21. Qxc6+ bxc6 22. Nxc5 Bxc5 23. Rxc5 $16) 20. b4 $1 {[%cal
Rc1c8,Rb5d7] Galdunts managed to find a clue to the position!} (20. Nxc5 Bxc5
21. Bxc6 Qxc6 (21... bxc6 22. Ba5 $18) 22. Qxc6+ bxc6 23. Rxc5 Kb7 $14) 20...
Nc7 $8 {It is difficult to find another move.} 21. Bxc6 Qxc6 22. Qxc6 bxc6 23.
bxc5 {[%csl Gd6]} Bxa2 24. Nd6+ Kb8 ({Black needs good advice after} 24... Bxd6
25. exd6 Ne6 26. Ne5 $18) 25. Ba5 {White has great game taking into account
the his knight on d6 and Black's king position.} Bd5 26. Ra1 Ka8 $6 {It is
likely that this move makes life even harder for Black.} ({Good or bad, but he
must try} 26... Rf8 $5 {with possible continuation.} 27. Rfb1+ Ka8 28. e6 $1
Bxe6 (28... Nxe6 29. Ne5 Nxc5 30. Bb6 $1 $18) (28... Rxd6 29. cxd6 Bxd6 30. e7
Re8 31. Bb6 $1 Nb5 32. Rxb5 cxb5 33. Rxa7+ Kb8 34. Rd7 $18) 29. Ne5 Bxd6 30.
Nxd7 Bxd7 31. cxd6 Nd5 $16) 27. Bb6 $1 $18 Nb5 ({could promised better chances
for survival.} 27... Ne6 $5) 28. Bxd8 Bxd8 29. Rfd1 Bxf3 30. gxf3 1-0

[Event "EU-chT (Men) 14th"]
[Site "Plovdiv"]
[Date "2003.10.18"]
[Round "7.2"]
[White "Fressinet, Laurent"]
[Black "Mchedlishvili, Mikheil"]
[Result "0-1"]
[WhiteElo "2654"]
[BlackElo "2557"]
[Annotator "Psakhis,L"]
[PlyCount "62"]
[EventDate "2003.10.10"]
[EventType "team-swiss"]
[EventRounds "9"]
[EventCountry "BUL"]
[SourceTitle "CBM 098"]
[Source "ChessBase"]
[SourceDate "2004.02.03"]
[SourceVersion "1"]
[SourceVersionDate "2004.02.03"]
[SourceQuality "1"]
[WhiteTeam "France"]
[BlackTeam "Georgia"]
[WhiteTeamCountry "FRA"]
[BlackTeamCountry "GEO"]

1. e4 e6 2. d4 d5 3. e5 c5 4. c3 Nc6 5. Nf3 Bd7 6. a3 f6 $5 (6... c4) (6... a5)
(6... Nge7) 7. b4 c4 (7... fxe5 $5 8. b5 (8. Nxe5 Nxe5 9. dxe5 Qc7 $1 (9... a5
10. b5 a4 11. c4 d4 12. Bd3 Qh4 13. Nd2 Nh6 14. Nf3 Qh5 15. O-O Be7 16. Be4 Bc8
17. Qc2 $16 {0-1 Rada,M-Gonzalez,I/ESP-ch B18 Formigal 2002 (39)}) 10. f4 Ne7
11. Bd3 g6 12. O-O O-O-O 13. bxc5 Nf5 14. Bxf5 Bxc5+ 15. Kh1 gxf5 $36 {0-1
Krajnc,A-Furlan,M/Bled op 1992 (22)}) 8... Nxd4 $1 9. cxd4 exd4 10. Bf4 Nf6 11.
Nbd2 Be7 12. g3 O-O 13. Bh3 Bxb5 14. Ng5 Bd6 15. Qb3 Bxf4 16. gxf4 Qa5 $132 {
0-1 Buchal,S-Luther,T/Groningen op 1998 (28)}) (7... cxd4 8. cxd4 fxe5 9. dxe5
Nh6 10. Bd3 Nf7 11. Bb2 Rc8 12. O-O g5 13. h3 h5 14. g4 hxg4 15. hxg4 Bg7 $132
{1-0 Shabalov,A-Kaufman,L/Portsmouth Millennium 2000 (37)}) 8. Bf4 Nge7 $146 (
8... Nh6 $5 9. exf6 gxf6 10. g3 Nf7 11. Bg2 Bg7 12. Be3 Ne7 13. Nh4 Ng6 14. Qh5
Nxh4 15. Qxh4 O-O 16. Nd2 Nd6 17. O-O Be8 18. Qg4 Qd7 19. Bh6 Nf5 20. Bxg7 Nxg7
21. a4 Bg6 22. Rfe1 Kh8 23. Nf1 {Sveshnikov,E-Razuvaev,Y/Sochi 1986/0-1 (61)})
9. Nbd2 Ng6 10. Bg3 fxe5 11. dxe5 b5 $5 (11... Be7 12. b5 Nb8 $13) 12. h4 Nge7
(12... Qb8 $5 {[%csl Re5]} 13. Qe2 (13. a4 $5)) 13. h5 a5 14. h6 {White takes
too much risk} (14. Bf4 $5 $13) 14... Ng6 (14... Nf5 $5 15. hxg7 (15. Bf4 Nxh6
16. Bxh6 gxh6) 15... Bxg7 {[%csl Re5]}) 15. Be2 gxh6 $1 {Entering
complications which favor black} 16. Nh4 (16. Rh5 {[%cal Rh5e5]}) 16... Ncxe5
$1 {Mchedlishvili doesn't afraid of ghosts!} 17. Bxe5 (17. Nxg6 Nxg6 $19) 17...
Nxe5 18. Bh5+ Ke7 {[%csl Ge5,Ge7] Unfortunately, White can't now to take
advantage of the fact that Black's king temporarily stuck in the  centre.} 19.
O-O Bg7 $19 {White has lost simply his pawns without getting anything for them!
} 20. Qe2 (20. Nhf3 Nd3) 20... Qb6 21. Kh1 Rhf8 22. Rad1 axb4 23. axb4 Nd3 {
[%csl Rc3][%cal Gd3f4]} 24. Ndf3 {White's position looks cheerless and he
sacrifices a piece, trying to improve the situation.} (24. f4 $5) 24... Nf4 $1
(24... Bxc3 25. Rxd3 cxd3 26. Qxd3 Rfc8 27. Qxh7+ Kd6 $19) 25. Qc2 Nxh5 26.
Qxh7 {An attempt to launch an attack, which is easily suppressed by black.} Be8
(26... Kd6 $5 {[%csl Gd6]}) 27. Rfe1 (27. g4 $142 Rh8 28. Ng6+ Bxg6 29. Qxg6
Bxc3 30. gxh5 Raf8 $19) 27... Kd8 28. g4 Rxf3 (28... Qxf2 29. gxh5 Rxf3) 29.
Rxd5+ (29. Nxf3 Qxf2 $19) 29... exd5 30. Qg8 Rf8 31. Qxd5+ Bd7 (31... Bd7 32.
Qxa8+ Kc7) 0-1

[Event "EU-chT (Men) 14th"]
[Site "Plovdiv"]
[Date "2003.10.19"]
[Round "8.2"]
[White "Vallejo Pons, Francisco"]
[Black "Spasov, Vasil"]
[Result "1-0"]
[WhiteElo "2662"]
[BlackElo "2543"]
[Annotator "Psakhis,L"]
[PlyCount "69"]
[EventDate "2003.10.10"]
[EventType "team-swiss"]
[EventRounds "9"]
[EventCountry "BUL"]
[SourceTitle "CBM 098"]
[Source "ChessBase"]
[SourceDate "2004.02.03"]
[SourceVersion "1"]
[SourceVersionDate "2004.02.03"]
[SourceQuality "1"]
[WhiteTeam "Spain"]
[BlackTeam "Bulgaria"]
[WhiteTeamCountry "ESP"]
[BlackTeamCountry "BUL"]

1. e4 e6 2. d4 d5 3. e5 c5 4. c3 Nc6 5. Nf3 Bd7 6. Be2 f6 7. Bf4 Qb6 8. Nbd2
$146 {Intersting pawn sacrifice .Apparently nobody has had the courage to play
the text before!} (8. exf6 gxf6 9. Qb3 Qxb3 10. axb3 cxd4 11. cxd4 Nge7 12. Nc3
Nf5 13. Rd1 Bd6 14. Bxd6 Nxd6 15. Nb5 Nxb5 16. Bxb5 Nb4 17. Bxd7+ Kxd7 18. Kd2
Rhc8 19. Rc1 Rc6 20. Rxc6 bxc6 21. Ra1 a5 22. Ne1 e5 {Siff,B-Torre,E/New York
op 1985/0-1 (46)}) (8. Qd2 cxd4 9. cxd4 g5 10. exf6 gxf4 11. f7+ Kxf7 12. Qxf4+
Nf6 13. O-O Bg7 14. Nc3 Rhf8 15. Na4 Qd8 16. Nc5 $36 {1/2-1/2 Westerinen,
H-Leer Salvesen,B/Gausdal IM-B 2001/ (31)}) 8... cxd4 (8... Qxb2 $5) 9. O-O g5
(9... Qxb2 10. Nb3 (10. cxd4 Nxd4 11. Rb1 Nxe2+ 12. Qxe2 Qxa2 13. Rxb7 $32)
10... Nxe5 11. Nxe5 fxe5 12. Bxe5 dxc3 13. Bh5+ $40) (9... dxc3 10. bxc3 {
[%cal Ga1b1,Gc3c4]}) 10. Bg3 g4 $6 {Cowardice does not bring equality.! good
or bad, but, I think Spasov had to try sharp} (10... dxc3 $142 11. bxc3 g4 $13)
11. Nxd4 Nxd4 12. cxd4 f5 (12... Qxb2 13. Nb3) (12... Qxd4 13. Bxg4 fxe5 14.
Bh5+ Kd8 15. Qe2 $40) 13. Nb3 $36 Ne7 (13... Ba4 $5) (13... Bb5 14. Bxb5+ Qxb5
15. Rc1 $36) 14. Nc5 Ng6 (14... Nc6 $5 15. b4 $5) 15. Nxd7 Kxd7 16. Qa4+ Kd8
17. f3 h5 18. Be1 $1 {[%cal Re1a5]} a5 (18... Qxb2 19. Rb1 $1 Qa3 20. Qxa3 Bxa3
21. Rxb7 $16) 19. Rc1 Bb4 ({Maybe Spasov could play} 19... Nxe5 $5 {not only
taking the pawn, but also bringing knight close to the king!?}) 20. Bf2 Nf4 (
20... Bd2 21. Rc5) 21. Bb5 Be7 22. Be3 Ng6 23. f4 $1 {[%cal Gc2c3,Gf1c1] Black
should have stuck to a passive defense} g3 24. hxg3 (24. h3 $5) 24... h4 25.
gxh4 Bxh4 26. Rf3 Ke7 $2 (26... Be7 $142 $16) 27. g3 $18 {[%csl Rh4]
Exploiting the main drawback of last move of black} Rag8 28. Kf2 Kf7 (28...
Bxg3+ 29. Rxg3 Rh2+ 30. Ke1 Rxb2 31. Qa3+ Rb4 32. Bd3 $18) 29. gxh4 Nxh4 30.
Be2 $5 Nxf3 (30... Rg2+ 31. Kf1) 31. Qd7+ Kg6 32. Rc7 Kh6 (32... Qxc7 33. Qxc7
Nh4 34. Qe7) 33. Kxf3 Kh5 34. Kf2+ (34. Qf7+) 34... Kh4 (34... Kh6 35. Rc1) 35.
Qh7+ $1 (35. Qd8+ $5 Rxd8 36. Rc1) (35. Qh7+ Rxh7 36. Rxh7# {and white rook
had a splendid career in this game}) 1-0

[Event "American Continental 2nd"]
[Site "Buenos Aires"]
[Date "2003.08.26"]
[Round "8"]
[White "Charbonneau, Pascal"]
[Black "Shulman, Yuri"]
[Result "1-0"]
[WhiteElo "2442"]
[BlackElo "2559"]
[Annotator "Psakhis,L"]
[PlyCount "89"]
[EventDate "2003.08.17"]
[EventType "swiss"]
[EventRounds "11"]
[EventCountry "ARG"]
[SourceTitle "CBM 097"]
[Source "ChessBase"]
[SourceDate "2003.11.11"]
[SourceVersion "1"]
[SourceVersionDate "2003.11.11"]
[SourceQuality "1"]

1. e4 e6 2. d4 d5 3. e5 c5 4. c3 Qb6 5. Nf3 Bd7 6. a3 a5 7. Be2 a4 {
Fashionable line in modern practice.} 8. O-O Nc6 9. Bd3 (9. dxc5 Bxc5 10. c4
Nge7 11. Nc3 Nd4 12. cxd5 Nxe2+ 13. Qxe2 Nxd5 14. Nxd5 exd5 15. Rd1 Bb5 16. Qe1
Bc4 17. Be3 Bxe3 18. Qxe3 Qxe3 19. fxe3 O-O $11 {1/2-1/2 Peng Xiaomin-Kaidanov,
G/USA-China Summit Seattle 2001/CBM 82 (25)}) 9... Na5 10. Bc2 Nc4 11. Ra2 (11.
Ng5 $5 Be7 $5 12. Nxh7 g6 13. Ng5 Nh6 14. Ra2 Nf5 15. Nf3 cxd4 16. cxd4 Nh4 17.
Ne1 Nf5 18. Nf3 Nh4 19. Ne1 Nf5 $13 {1/2-1/2 Shirov,A-Volkov,S/EU-Cup
Halkidiki 2002/CBM 92 (41)}) 11... Ne7 12. Re1 (12. Nbd2 Nxd2 13. Bxd2 Bb5 14.
Re1 Nc6 15. Be3 h6 16. Ra1 Qa7 17. dxc5 Bxc5 18. Bxc5 (18. Nd4 $5 {[%cal Gd1g4]
}) 18... Qxc5 19. Qd2 O-O $13 {Afek,Y-Legky,N/FRA t-ch 2003/CBM 94/[Psakhis]/
0-1 (38)}) 12... Nc6 13. Kh1 $146 {New move} (13. Bxa4 N6xe5 14. Bxd7+ (14. Bc2
Nxf3+ 15. Qxf3 Be7 16. b3 Nd6 17. dxc5 Qxc5 18. Be3 Qc6 19. Bd4 f6 20. Qh5+ Nf7
21. f4 g6 22. Qf3 O-O 23. Qg3 Rfe8 $13 {Belikov,V-Legky,N/Sevastopol 1997/1/
2-1/2 (50)}) 14... Nxd7 15. b3 Nd6 (15... Na5 16. b4 cxb4 $2 (16... cxd4 $142
$1 17. Nxd4 Nc6) 17. axb4 Ra7 18. Rxa5 Rxa5 19. bxa5 Qxb1 20. Qa4 Bd6 21. Bf4
Qxe1+ 22. Nxe1 Bxf4 23. Qb4 Bc7 24. Nd3 f6 25. g3 Rf8 26. Nf4 {1-0 Jonkman,
H-Peng Zhaoqin/Wijk aan Zee-B 2002/CBM 87/[Psakhis] (26)}) 16. c4 dxc4 17. d5
Qxb3 18. dxe6 fxe6 19. Rxe6+ Kd8 20. Rc2 Ra6 21. Nc3 $36 {Grischuk,A-Gurevich,
M/Cannes World Cup of Rapid Chess 2001/CBM 82/[Hecht]/1-0 (86)}) 13... Be7 14.
Nbd2 Nxd2 (14... Qa6 15. Nxc4 (15. Nf1 $5 {[%cal Gf1g3]}) 15... Qxc4 16. Ra1
Qb5 17. Rb1 $14) 15. Bxd2 cxd4 16. cxd4 ({Worth considering} 16. Nxd4 $5 Nxd4
$140 17. Be3 $36 {with nice game}) 16... O-O 17. Bc3 {[%csl Gc3]} (17. Be3 $5)
17... Qa7 {[%cal Gb7b4] A space advantage gives White slightly better chances,
nevertheless Black's position is still fairly solid.} 18. h4 {The players have
completed their development and now White is rushing to the attack.} (18. Qd3
g6 19. Qe3) 18... b5 19. Qd3 g6 20. Qd2 {[%cal Gd2h6]} Rfb8 21. Raa1 b4 22.
axb4 Nxb4 (22... Bxb4 $2 23. Bxa4) 23. Bb1 Nc6 24. Qf4 {[%csl Rg8][%cal Gh4h5]}
Na5 25. Ng5 $1 (25. Nh2 Nb3 26. Ra2 Qc7 {[%cal Gf7f5]}) 25... Rf8 26. h5 {
White has achieved his goal and creat serious threats against black monarch.}
Nb3 27. Ra2 f6 (27... Qb6 {[%cal Gb6d8]} 28. Qg4 {[%cal Rg5h7]}) 28. Nh3 (28.
exf6 Rxf6 29. Qh4 $16) 28... g5 29. Qg3 Kh8 (29... Qc7 $5 30. f4 $40) 30. exf6
Rxf6 (30... Bxf6 31. Nxg5 Bxd4 32. Nxh7 $18) 31. Nxg5 Qb8 (31... Rg8 32. Qe3 {
[%cal Gg5f3,Gf3e5]}) 32. Qe3 Bd6 {[%cal Gd6f4]} 33. g3 $1 $18 {White has lost
simply pawn without getting anything for it!} Qg8 34. Nxh7 Rf7 35. Ng5 Rf6 36.
Nf3 $6 {Charbonneau is trying to complicate the struggle although it is more
reasonable to simplify it, playing} (36. Bg6 $142 {for example} Rxg6 37. hxg6
Qxg6 38. Nf3 $18) 36... Qg4 {Suddenly Black is back in the game! White is
still winning, but he has to be very careful.} 37. Ne5 Qh3+ $2 {Terrible
mistake, after this move and no matter how long the rest seems, the game was
virtually decided here..} ({Bad or good, but Shulman had to play} 37... Bxe5 $5
{with possible continuation} 38. Qxe5 (38. dxe5 $2 Qxh5+ 39. Kg2 d4 $1 {
[%cal Rd7c6]} 40. Bxd4 Rh6 $40) 38... Qf3+ 39. Kh2 Qxf2+ 40. Kh3 Rg8 41. Bg6
$16) 38. Kg1 $18 Rg8 (38... Qxh5 39. Nxd7 Rf3 40. Bg6 $1) 39. Nf7+ $1 Kg7 (
39... Rxf7 40. Qh6+) 40. Nxd6 Qxh5 41. Qe5 Qg4 42. Be4 {[%cal Ge4g2] White has
both positional and material advantage, so the rest is pretty clear.} (42. Bc2
$5) 42... Rh8 (42... dxe4 43. Nxe4 Qf5 44. d5 {[%csl Gc3]}) 43. Bg2 Rh5 44. Qe2
Qxe2 45. Rxe2 1-0

[Event "Sao Paulo zt 2.4"]
[Site "Sao Paulo"]
[Date "2003.09.20"]
[Round "2"]
[White "Milos, Gilberto"]
[Black "Teixeira, Ricardo da Silva"]
[Result "1-0"]
[WhiteElo "2592"]
[BlackElo "2338"]
[Annotator "Psakhis,L"]
[PlyCount "57"]
[EventDate "2003.09.19"]
[EventType "tourn"]
[EventRounds "9"]
[EventCountry "BRA"]
[EventCategory "9"]
[SourceTitle "CBM 098"]
[Source "ChessBase"]
[SourceDate "2004.02.03"]
[SourceVersion "1"]
[SourceVersionDate "2004.02.03"]
[SourceQuality "1"]

1. e4 e6 2. d4 d5 3. e5 c5 4. c3 Nc6 5. Nf3 Bd7 6. Be2 Nge7 7. O-O Ng6 8. Re1 (
8. g3 {[%cal Gh2h4]}) 8... Be7 9. Bd3 (9. Be3 O-O 10. Bd3 Qb6 11. Qd2 cxd4 12.
cxd4 Rfc8 13. Nc3 Na5 14. Qe2 Nc4 15. Bc1 Bb4 16. Rb1 Qa5 17. Ng5 Bxc3 18. bxc3
Qxc3 19. Rxb7 Ncxe5 $132 {0-1 Tilak,S-Nenashev,A/Calcutta op 1996 (23)}) 9...
Qb6 $146 (9... cxd4 $142 10. cxd4 Qb6 11. Bc2 (11. Nc3 Nxd4 12. Nxd4 Qxd4 13.
Nb5 Qb6 14. Be3 Qa5 15. Bd2 Qd8 $13 {Papapostolou,C-Raedeker,B/GER t-chS 2000/
EXT 2002/0-1 (39)}) 11... Nb4 12. Bb3 Qa6 13. Be3 Rc8 14. Qd2 Qd3 15. Nc3 Qxd2
16. Bxd2 O-O 17. a3 Nc6 $11 {Gwaze,R-Rodgaard,J/Bled Olympiad 2002/1-0 (105)})
10. dxc5 $1 Bxc5 11. Qe2 {[%cal Gb2b4]} a5 12. h4 Ngxe5 ({It is not easy to
assess positions arising after} 12... O-O $5 13. h5 Ngxe5 14. Nxe5 Nxe5 15.
Qxe5 Bxf2+ 16. Kh1 Bxe1 17. Qxe1 f6) 13. Nxe5 Nxe5 14. Qxe5 Bxf2+ 15. Kh1 (15.
Kf1 $143 Bxe1 16. Qxe1 Bb5 $1) 15... Bxe1 16. Qxe1 O-O 17. Na3 Rfe8 18. Qe3 Qd8
$6 {As know how badly this move turned out for Black in this game, I dare
suggesting} (18... Qxe3 $142 19. Bxe3 e5 20. Nb5 Rec8 $13 {But, of course,
that would have been another game!}) 19. Qg3 {[%csl Gc1,Gd3,Gg3]} e5 20. Bh6 {
Black should have stuck to a passive defense} Qf6 (20... g6 21. Rf1 $36) 21.
Bg5 Qb6 22. Rf1 e4 $2 {A mistake after which black will find himself in very
big troubles} (22... Qxb2 $4 23. Bh6 (23. Bf6 g6 24. h5) 23... g6 24. Qf3 f5 $8
25. Qxd5+ Be6 26. Qxe5 Re7 27. Bc4 $18) ({Black should have preferred} 22... f5
$142 $8 23. Bxf5 Bxf5 24. Rxf5 Qxb2 $132) 23. Bf6 g6 24. Bd4 Qxb2 $2 (24... Qe6
$5 25. Rf6 (25. Be2 $36) 25... Qe7 26. Be2) 25. Qg5 (25. Qd6 $5 Be6 26. Bb5 $18
) 25... Re6 26. Qh6 f6 27. Rxf6 $18 Re7 28. Rxg6+ hxg6 29. Qh8+ (29. Qh8+ Kf7
30. Qg7+ Ke8 31. Qg8#) 1-0